[Event "GER-chT U12"]
[Site "Magdeburg"]
[Date "2019.12.27"]
[Round "1.8"]
[White "Kageler, Anton Paul"]
[Black "Pick, Max"]
[Result "1/2-1/2"]
[WhiteElo "1777"]
[BlackElo "1635"]
[PlyCount "151"]
[EventDate "2019.12.27"]
[EventType "team-swiss"]
[EventRounds "7"]
[EventCountry "GER"]
[SourceTitle "CBM 194 Extra"]
[Source "ChessBase"]
[SourceDate "2020.03.31"]
[SourceVersion "1"]
[SourceVersionDate "2020.03.31"]
[SourceQuality "1"]
[WhiteTeam "Halle Roter Turm"]
[BlackTeam "Kerpen SK"]
[WhiteTeamCountry "GER"]
[BlackTeamCountry "GER"]

1. e4 e6 2. d4 d5 3. Nd2 c5 4. exd5 exd5 5. Ngf3 Nf6 6. Bb5+ Bd7 7. Bxd7+ Nbxd7 8. 0-0 Be7 9. dxc5 Nxc5 10. Nd4 Qd7 11. Re1 0-0 12. N2b3 Rfe8 13. Bg5 Nxb3 14. axb3 a6 15. c3 h6 16. Bh4 Ne4 17. Bxe7 Rxe7 18. f3 Nf6 19. Qd2 Rae8 20. Kf2 Kf8 21. Rad1 Rxe1 22. Rxe1 Rxe1 23. Qxe1 g6 24. Qe5 Qe7 25. Qf4 Kg7 26. Qg3 Qc5 27. Qe5 Qb6 28. h4 h5 29. g4 hxg4 30. fxg4 Kh7 31. Kf3 Qd8 32. g5 Nh5 33. c4 dxc4 34. bxc4 Qc8 35. Qd5 Qh3+ 36. Ke4 Qxh4+ 37. Ke3 Qg3+ 38. Nf3 Qf4+ 39. Kd3 Qc7 40. Kc3 Ng3 41. Ne5 Kg7 42. Nd7 Ne4+ 43. Kb3 Nxg5 44. Qd4+ Kg8 45. Nf6+ Kf8 46. Nd5 Qg3+ 47. Ka4 Qh2 48. Qf6 Ne6 49. Qe7+ Kg7 50. Qf6+ Kf8 51. Qe7+ Kg8 52. Nf6+ Kg7 53. Ne8+ Kh6 54. Qxf7 Qc2+ 55. b3 Qa2+ 56. Kb4 a5+ 57. Kc3 Qa1+ 58. Kd2 Qb2+ 59. Ke1 Qc3+ 60. Kf2 Qc2+ 61. Ke1 Qc1+ 62. Kf2 Qf4+ 63. Qxf4+ Nxf4 64. Nd6 Nd3+ 65. Kg3 Nc5 66. Kg4 b6 67. Nc8 Nxb3 68. Nxb6 Nc5 69. Nd5 a4 70. Nb4 a3 71. Na2 g5 72. Nb4 Kg6 73. Na2 Kf6 74. Nb4 Ke5 75. Kxg5 Kd4 76. Nc2+ 1/2-1/2

[Event "Bad Soden U10 op"]
[Site "Bad Soden"]
[Date "2017.10.03"]
[Round "8"]
[White "Pick, Max"]
[Black "Ohler, Julius"]
[Result "1-0"]
[WhiteElo "1468"]
[BlackElo "1646"]
[PlyCount "67"]
[EventDate "2017.09.30"]
[EventType "swiss"]
[EventRounds "9"]
[EventCountry "GER"]
[SourceTitle "EXT 2019"]
[Source "ChessBase"]
[SourceDate "2018.10.10"]
[SourceVersion "1"]
[SourceVersionDate "2018.10.10"]
[SourceQuality "1"]

1. Nf3 d5 2. e3 Nf6 3. b3 Bf5 4. d4 e6 5. Bb2 c5 6. c4 Bxb1 7. Qxb1 Qa5+ 8. Nd2 Ne4 9. Qc2 cxd4 10. exd4 Bb4 11. Bc1 Bc3 12. Rb1 Nxd2 13. Bxd2 Bxd2+ 14. Qxd2 Qxd2+ 15. Kxd2 Nd7 16. cxd5 exd5 17. Bb5 a6 18. Bxd7+ Kxd7 19. Rhe1 Rhe8 20. Rxe8 Rxe8 21. Rc1 b6 22. f3 Re6 23. Re1 Rxe1 24. Kxe1 Ke6 25. Ke2 f5 26. Ke3 g5 27. f4 g4 28. h3 h5 29. Kf2 Kd6 30. Kg3 Ke6 31. Kh4 Kf6 32. Kxh5 gxh3 33. gxh3 a5 34. a4 1-0